| 000 | 00387cam a2200157ua 4500 | ||
|---|---|---|---|
| 041 |
_aeng _h |
||
| 082 |
_a823.308 _bTRO/BA |
||
| 100 | _aTrollope, Anthony . | ||
| 245 |
_aBarchester Towers / _cAnthony Trollope. _hTextual Documents |
||
| 260 |
_aLondon : _bThe zodiac press , _c1962. |
||
| 300 | _a472 ; . | ||
| 504 | _a | ||
| 942 | _cBK | ||
| 999 |
_c1033 _d1033 |
||